000 01292nam a2200313 i 4500
003 DO-SdBNP
005 20260421125513.0
007 ta
008 251104b2025 dr ac||| |||| 00| 0 spa d
020 _a9789945931655
040 _aDO-SdBNP
_bspa
_cBNPHU
_erda
041 _aspa
082 4 _a927.9642
_bM835m
_222
100 _aMoré, María Elena,
_eautor
_4aut.
_988772
245 1 0 _aMarileidy Paulino :
_bcamino al sueño olimpico /
_cMaría Elena Moré ; corrección y colaboración, María Cristina Rodríguez-Marchena ; prólogo, Dominique Bluhdorn.
264 4 _aSanto Domingo, República Dominicana :
_bBanco Popular,
_c©2025.
300 _a320 páginas :
_bilustraciones, retratos ;
_c31 cm.
336 _atexto
_btxt
_2rdacontent
337 _asin mediación
_bn
_2rdamedia
338 _avolumen
_bnc
_2rdacarrier
590 _aInventariado, 2025/BT
600 1 4 _aPaulino, Marileidy
_d1996-
_989367
650 7 _aAtletismo
_zRepública Dominicana
_2LIBRUNAM
_989368
650 7 _aDeportes de pista
_zRepública Dominicana
_2LIBRUNAM
_989369
700 1 _aRodríguez-Marchena, María Cristina,
_ecorrector y colaborador
_4corr. y col.
_988773
700 1 _aBluhdorn, Dominique,
_eprologuista
_4pr.
_982913
910 _aBtavárez/Validado. Control de calidad MFF
942 _2ddc
_cLBS1
999 _c60002
_d60002